Central Library OPAC University of Rajshahi

The complete poems of Robert Frost / (Record no. 16955)

MARC details
000 -LEADER
fixed length control field 02168cam a2200397 a 4500
001 - CONTROL NUMBER
control field 16955
003 - CONTROL NUMBER IDENTIFIER
rucl marc code BD-RjUL
005 - DATE AND TIME OF LATEST TRANSACTION
control field 20211209000053.0
008 - FIXED-LENGTH DATA ELEMENTS--GENERAL INFORMATION
fixed length control field 140215s1962 nyua 001 0 eng d
035 ## - SYSTEM CONTROL NUMBER
System control number (BD-RjUL)17011
040 ## - CATALOGING SOURCE
Original cataloging agency DLC
Transcribing agency DLC
Language of cataloging eng
Modifying agency BD-RjUL
041 ## - LANGUAGE CODE
Language code of text/sound track or separate title eng
051 ## - LIBRARY OF CONGRESS COPY, ISSUE, OFFPRINT STATEMENT
Classification number PS3511
Item number .R94 1950 Copy 2
Copy information Copyright deposit copy in slipcase, with embossed stamp below colophon: This is one of 15 presentation copies 'out of series.'
Classification number PS3511
Item number .R94 1950 Copy 3
Copy information Bruce Rogers's copy, in slipcase with chemise, with embossed stamp below colophon: This is one of 15 presentation copies 'out of series.' Monthly letter of the Limited Editions Club (July 1950, no. 216) laid in.
Classification number LEC no. 208
Copy information Copy no. 1, in slipcase, acquired as part of an archival set from the publisher in 2008.
082 00 - DEWEY DECIMAL CLASSIFICATION NUMBER
Classification number 811.5
Author mark and year FRC 1962
100 1# - MAIN ENTRY--PERSONAL NAME
Personal name Frost, Robert,
Dates associated with a name 1874-1963.
9 (RLIN) 52317
245 14 - TITLE STATEMENT
Title The complete poems of Robert Frost /
Statement of responsibility, etc. with a preface by the author ; an appreciation by Louis Untermeyer and wood-engravings by Thomas W. Nason.
260 ## - PUBLICATION, DISTRIBUTION, ETC. (IMPRINT)
Place of publication, distribution, etc. New York :
Name of publisher, distributor, etc. Limited Editions Club,
Date of publication, distribution, etc. 1962.
300 ## - PHYSICAL DESCRIPTION
Pagination xxi,66p. :
Illustrations ill. ;
Size 29 cm.
500 ## - GENERAL NOTE
General note "This edition ... consists of fifteen hundred copies ... printed under the direction of Bruce Rogers at the Marchbanks Press ... signed by [Robert Frost, Thomas Nason, Bruce Rogers]"--Colophon.
General note Issued together in slipcase.
510 4# - CITATION/REFERENCES NOTE
Name of source Newman & Wiche. Great and good books,
Location within source 208
Name of source Limited Editions Club. Bibliography of the fine books published by the Limited Editions Club, 1929-1985,
Location within source no. 208
650 #0 - SUBJECT ADDED ENTRY--TOPICAL TERM
Topical term or geographic name as entry element Poems
9 (RLIN) 52194
700 1# - ADDED ENTRY--PERSONAL NAME
Personal name Nason, Thomas W.
Fuller form of name (Thomas Willoughby),
Dates associated with a name 1889-1971,
Relator term ill.
Personal name Rogers, Bruce,
Dates associated with a name 1870-1957,
Relator term former owner.
710 2# - ADDED ENTRY--CORPORATE NAME
Corporate name or jurisdiction name as entry element Marchbanks Press,
Relator term printer.
9 (RLIN) 52320
Corporate name or jurisdiction name as entry element Limited Editions Club,
Relator term former owner.
Institution to which field applies DLC
9 (RLIN) 52321
Corporate name or jurisdiction name as entry element Pforzheimer Bruce Rogers Collection (Library of Congress)
Institution to which field applies DLC
9 (RLIN) 52322
Corporate name or jurisdiction name as entry element Limited Editions Club Collection (Library of Congress)
Institution to which field applies DLC
9 (RLIN) 52323
942 ## - ADDED ENTRY ELEMENTS (KOHA)
Source of classification or shelving scheme Dewey Decimal Classification
Koha item type Books
Holdings
Lost status Source of classification or shelving scheme Damaged status Not for loan Collection code Permanent Location Current Location Shelving location Date acquired Source of acquisition Cost, normal purchase price Total Checkouts Full call number Date last seen Copy number Koha item type
  Dewey Decimal Classification   Not For Loan Non-fiction Central Library, University of Rajshahi Central Library, University of Rajshahi Reading Room 18/02/1965 Zeithlinger. 48.00   811.5 FRC 1962 15/02/2014 C-1 Books